| 000 | 00000cam 2200000zi 4500 |
| 001 | 9.958046 |
| 003 | CaOODSP |
| 005 | 20251215150130 |
| 006 | m o d f |
| 007 | cr bn||||||||| |
| 008 | 251208s2025 onc ol f000 0 eng d |
| 040 | |aCaOODSP|beng|erda|cCaOODSP |
| 041 | |aeng|afre |
| 043 | |an-cn--- |
| 086 | 1 |aXB451-258/1-PDF |
| 110 | 1 |aCanada. |bParliament. |bHouse of Commons, |eissuing body. |
| 245 | 13|aAn Act to amend the Criminal Code to address the Supreme Court of Canada decision in R. v. Jordan = |bLoi modifiant le Code criminel pour donner suite à l’arrêt R. c. Jordan de la Cour suprême du Canada. |
| 246 | 11|aLoi modifiant le Code criminel pour donner suite à l’arrêt R. c. Jordan de la Cour suprême du Canada |
| 264 | 1|a[Ottawa] : |bHouse of Commons of Canada = Chambre des communes du Canada, |c2025. |
| 300 | |a1 online resource (ii, 2 pages). |
| 336 | |atext|btxt|2rdacontent |
| 337 | |acomputer|bc|2rdamedia |
| 338 | |aonline resource|bcr|2rdacarrier |
| 490 | 1 |aBill C-... ; |vBill C-258, 1st Session, 45th Parliament |
| 500 | |a"First Session, Forty-fifth Parliament, 3-4 Charles III, 2025." |
| 500 | |a"First reading, December 3, 2025." |
| 500 | |a"Mr. Fortin." |
| 520 | |a"This enactment amends the Criminal Code to codify the analytical framework the Supreme Court of Canada set out in its decision in R. v. Jordan regarding the right of an accused awaiting trial before a superior or provincial court to be tried within a reasonable time, and to provide for exceptions to this framework"--Summary, page ii. |
| 546 | |aText in English and French. |
| 610 | 10|aCanada. |tCriminal Code. |
| 650 | 0|aCriminal justice, Administration of|zCanada. |
| 650 | 0|aTrials|xLaw and legislation|zCanada. |
| 650 | 0|aSpeedy trial|xLaw and legislation|zCanada. |
| 655 | 7|aLegislative bills|2lcgft |
| 788 | |tAn Act to amend the Criminal Code to address the Supreme Court of Canada decision in R. v. Jordan = |efre|w(CaOODSP)9.958047 |
| 830 | #0|aBill C-...|vBill C-258, 1st Session, 45th Parliament.|w(CaOODSP)9.500659 |
| 856 | 40|qPDF|s135 KB|uhttps://publications.gc.ca/collections/collection_2025/parl/XB451-258-1.pdf |
| 856 | 4 |qHTML|sN/A|uhttps://www.parl.ca/DocumentViewer/en/45-1/bill/C-258/first-reading |
| 986 | |a451031 |